000 00408nam a2200181Ia 4500
005 20240823053810.0
008 240823s9999||||xx |||||||||||||| ||und||
041 _aENGLISH
082 _A535 N3
100 _aVenkataraman G
245 0 _aAt the Speed of LIGHT
250 _a1st
260 _c1993
_b"UP,Hydrabad"
500 _aTransfered
650 _aLight
_bPhysics
942 _cBK
999 _c224977
_d224977